000 00816nam a22002417a 4500
003 UA-OsUOA
001 56589
007 ta
008 20081104b un ||||| |||| 00| 0 ukr d
090 _a94(477)15
_bЧ-33
942 _cBK
040 _aUA-OsUOA
_bukr
_cUA-OsUOA
_dUA-OsUOA
245 _aЧверть століття українського чину
_cСергійчук М. І.
300 _a400 с.
955 _a1
041 _aukr
080 _a94(477)15
020 _a966-2911-03-0
260 _aК.
_c2006
246 3 1 _aМіжнародні українознавчі конференції в Іллінойському університеті в Урбана-Шампейні (США) 1982-2006.
_n
650 7 _a9 Географія. Біографії. Історія
_2UDC
999 _c342672
_d342672